Taylor Swift - Chansons de l'EP Beautiful Eyes - Statistiques

Statistiques générales
  • Ce quiz a été pris 31 fois
  • Le résultat moyen est 4 sur 6
Statistiques - réponses
Hint Réponse % Correct
1 Beautiful Eyes
94%
6 I Heart?
78%
4 Picture to Burn
56%
2 Should've Said No
50%
3 Teardrops on My Guitar
44%
5 I'm Only Me When I'm with You
39%
Aucun quiz correspondant
Distribution des résultats
% des personnes avec chaque résultat
Percentile par nombre de réponses
Votre historique - résultats
Vous n’avez pas pris ce quiz